[Event "Oberliga Ost-B 1415"]
[Site "Germany"]
[Date "2015.02.22"]
[Round "8.8"]
[White "Rapoport, Vladimir"]
[Black "Buerckner, Georg"]
[Result "1-0"]
[WhiteElo "2292"]
[BlackElo "2054"]
[PlyCount "63"]
[EventDate "2014.09.21"]
[EventType "team-tourn"]
[EventRounds "11"]
[EventCountry "GER"]
[SourceTitle "EXT 2016"]
[Source "ChessBase"]
[SourceDate "2015.10.08"]
[SourceVersion "1"]
[SourceVersionDate "2015.10.08"]
[SourceQuality "1"]
[WhiteTeam "Heusenstamm"]
[BlackTeam "Sangerhausen"]
[WhiteTeamCountry "GER"]
[BlackTeamCountry "GER"]

1. Nf3 d5 2. g3 e6 3. Bg2 f5 4. 0-0 Nf6 5. d3 Be7 6. Nbd2 0-0 7. c4 c6 8. Qc2 Bd7 9. e4 Na6 10. Ne5 Rc8 11. exf5 exf5 12. Ndf3 Nc7 13. Be3 a6 14. Bb6 Bd6 15. Rae1 Re8 16. a3 Be6 17. Nd4 Bd7 18. f4 Bxe5 19. fxe5 Ng4 20. e6 Nxe6 21. Bxd8 Nxd4 22. Qc3 Ne2+ 23. Rxe2 Rxe2 24. Bb6 dxc4 25. dxc4 Rce8 26. Bf3 R2e6 27. Bd4 R8e7 28. Bxg4 fxg4 29. Bc5 Re8 30. Qd4 Bc8 31. Bb4 c5 32. Qxc5 1-0

[Event "Hessenliga 1112"]
[Site "Germany"]
[Date "2012.04.29"]
[Round "8.4"]
[White "Rapoport, Vladimir"]
[Black "Will, Dominik"]
[Result "0-1"]
[WhiteElo "2303"]
[BlackElo "2063"]
[PlyCount "60"]
[EventDate "2011.09.25"]
[EventType "team-tourn"]
[EventRounds "9"]
[EventCountry "GER"]
[SourceTitle "EXT 2013"]
[Source "ChessBase"]
[SourceDate "2012.11.22"]
[SourceVersion "1"]
[SourceVersionDate "2012.11.22"]
[SourceQuality "1"]
[WhiteTeam "Heusenstamm"]
[BlackTeam "Bad Nauheim"]
[WhiteTeamCountry "GER"]
[BlackTeamCountry "GER"]

1. Nf3 Nf6 2. g3 g6 3. Bg2 Bg7 4. d3 0-0 5. 0-0 d6 6. c4 e5 7. Nc3 a6 8. Bg5 h6 9. Bd2 c6 10. Qc1 Kh7 11. b4 Be6 12. Rb1 Nbd7 13. e4 Nh5 14. h3 f5 15. exf5 gxf5 16. Ne2 d5 17. c5 Qe7 18. d4 e4 19. Nh2 Rg8 20. Qc3 Nf8 21. f4 Bf6 22. Be1 Bd7 23. Bf2 Ne6 24. Qe3 Rg6 25. Rb3 Rag8 26. Kh1 Nxd4 27. Nxd4 Nxg3+ 28. Bxg3 Rxg3 29. Bf3 Qg7 30. Ne2 Rxf3 0-1

[Event "Hessenliga 1112"]
[Site "Germany"]
[Date "2011.12.04"]
[Round "4.4"]
[White "Rapoport, Vladimir"]
[Black "Kribben, Johannes"]
[Result "0-1"]
[WhiteElo "2303"]
[BlackElo "2169"]
[PlyCount "98"]
[EventDate "2011.09.25"]
[EventType "team-tourn"]
[EventRounds "9"]
[EventCountry "GER"]
[SourceTitle "EXT 2013"]
[Source "ChessBase"]
[SourceDate "2012.11.22"]
[SourceVersion "1"]
[SourceVersionDate "2012.11.22"]
[SourceQuality "1"]
[WhiteTeam "Heusenstamm"]
[BlackTeam "Hofheim II"]
[WhiteTeamCountry "GER"]
[BlackTeamCountry "GER"]

1. Nf3 c5 2. g3 g6 3. Bg2 Bg7 4. c4 Nc6 5. Nc3 e6 6. 0-0 Nge7 7. d3 0-0 8. a3 d5 9. cxd5 exd5 10. Bd2 Bf5 11. Rc1 Rc8 12. Na4 b6 13. b4 c4 14. b5 Na5 15. Bxa5 bxa5 16. d4 Rb8 17. Nc3 a6 18. a4 Qd6 19. e3 Rfd8 20. Qd2 Bf8 21. Rfd1 f6 22. Ne1 Kg7 23. Nc2 h5 24. Rb1 Be6 25. e4 Kh7 26. Ne3 Bh6 27. f4 Bg4 28. Nxg4 hxg4 29. exd5 f5 30. Re1 axb5 31. Nxb5 Qf6 32. Re6 Qf8 33. d6 Nc8 34. Qxa5 Nxd6 35. Rbe1 Nxb5 36. axb5 Bg7 37. Re7 Kh8 38. d5 c3 39. Qa4 Qf6 40. R7e6 Qd4+ 41. Qxd4 Bxd4+ 42. Kf1 Rxb5 43. Rc1 Rb2 44. Re2 Kg7 45. Ke1 Ra8 46. Bf1 Raa2 47. Kd1 Rd2+ 48. Ke1 Rxe2+ 49. Bxe2 Be3 0-1

[Event "Hessenliga 1011"]
[Site "Germany"]
[Date "2011.03.13"]
[Round "7.6"]
[White "Goebel, Andreas"]
[Black "Rapoport, Vladimir"]
[Result "0-1"]
[WhiteElo "2040"]
[BlackElo "2303"]
[PlyCount "54"]
[EventDate "2010.09.26"]
[EventType "team-tourn"]
[EventRounds "9"]
[EventCountry "GER"]
[SourceTitle "EXT 2012"]
[Source "ChessBase"]
[SourceDate "2011.11.24"]
[SourceVersion "1"]
[SourceVersionDate "2011.11.24"]
[SourceQuality "1"]
[WhiteTeam "Frankfurt BvK II"]
[BlackTeam "Heusenstamm"]
[WhiteTeamCountry "GER"]
[BlackTeamCountry "GER"]

1. Nf3 Nf6 2. g3 b6 3. Bg2 Bb7 4. c4 c5 5. Nc3 g6 6. d3 Bg7 7. Bd2 0-0 8. Qc1 Nc6 9. 0-0 d5 10. cxd5 Nxd5 11. Nxd5 Qxd5 12. Nh4 Nd4 13. Re1 Qd7 14. Bc3 Bxg2 15. Nxg2 e5 16. Bxd4 Qxd4 17. Rb1 Rfd8 18. Qc2 Rac8 19. b3 b5 20. Red1 a6 21. Ne1 Qd5 22. Ng2 Bh6 23. e4 Qe6 24. Qe2 Rd4 25. Ne3 Bxe3 26. Qxe3 Rcd8 27. Rbc1 c4 0-1

[Event "Frankfurt-ch"]
[Site "Frankfurt"]
[Date "2009.05.04"]
[Round "2"]
[White "Rapoport, Vladimir"]
[Black "Kulenovic, Adnan"]
[Result "1-0"]
[WhiteElo "2296"]
[BlackElo "1854"]
[PlyCount "115"]
[EventDate "2009.04.27"]
[EventType "tourn"]
[EventRounds "7"]
[EventCountry "GER"]
[SourceTitle "EXT 2010"]
[Source "ChessBase"]
[SourceDate "2010.11.25"]
[SourceVersion "1"]
[SourceVersionDate "2010.11.25"]
[SourceQuality "1"]

1. c4 b5 2. cxb5 e5 3. Nc3 Bb7 4. d4 exd4 5. Qxd4 Nf6 6. Bg5 Be7 7. Nf3 0-0 8. e3 c5 9. Qd2 a6 10. bxa6 Nxa6 11. Bc4 Nb4 12. 0-0 d5 13. Be2 Qd7 14. a3 Na6 15. Rfd1 Rfd8 16. Qc2 Qe6 17. Bd3 g6 18. Qe2 Nc7 19. Bf4 Qb6 20. Rd2 c4 21. Bb1 Ne6 22. Be5 Nc5 23. Nd4 Nfd7 24. Bg3 Bf6 25. Ba2 Ne5 26. Rad1 Re8 27. Bb1 Ned3 28. Ncb5 Bxd4 29. Nxd4 f5 30. b4 Ne4 31. Rxd3 cxd3 32. Qxd3 Qa6 33. Nb5 Nxg3 34. hxg3 Rac8 35. Ba2 Red8 36. Bb3 h5 37. a4 Kh7 38. Qd4 Re8 39. Nc3 Qc6 40. Nxd5 Red8 41. b5 Qc5 42. Nf6+ Kh6 43. Ng8+ Kh7 44. Nf6+ Kh6 45. Nd7 Qxd4 46. Rxd4 Rc7 47. Nb6 Rxd4 48. exd4 Rc3 49. Bc4 Rc1+ 50. Kh2 Rc2 51. d5 Rxf2 52. a5 f4 53. gxf4 Rxf4 54. a6 Rf6 55. Nd7 Rxa6 56. bxa6 Bxa6 57. Bxa6 Kg5 58. Bd3 1-0

[Event "Hessen-ch Seniors op 04th"]
[Site "Bad Sooden-Allendorf"]
[Date "2008.04.30"]
[Round "7"]
[White "Szenetra, Werner"]
[Black "Rapoport, Vladimir"]
[Result "1-0"]
[WhiteElo "2212"]
[BlackElo "2201"]
[PlyCount "99"]
[EventDate "2008.04.24"]
[EventType "swiss"]
[EventRounds "9"]
[EventCountry "GER"]
[SourceTitle "EXT 2022"]
[Source "ChessBase"]
[SourceDate "2021.10.06"]
[SourceVersion "1"]
[SourceVersionDate "2021.10.06"]
[SourceQuality "1"]

1. Nf3 Nf6 2. g3 g6 3. Bg2 Bg7 4. 0-0 0-0 5. d3 c5 6. e4 Nc6 7. Nbd2 d6 8. c3 e5 9. a3 h6 10. b4 Be6 11. b5 Na5 12. c4 b6 13. Re1 Qd7 14. Nf1 Kh7 15. a4 Ne8 16. Bd2 Nb7 17. a5 bxa5 18. Bxa5 Nxa5 19. Rxa5 Nc7 20. Qa4 a6 21. b6 Qxa4 22. Rxa4 Bd7 23. Ra5 Ne6 24. Ne3 Rfb8 25. Nd5 Bc6 26. Rea1 Bf8 27. Bh3 Rb7 28. Rxa6 Rab8 29. Ra7 Nd8 30. Rxb7 Nxb7 31. Ra7 Kg7 32. Nd2 Nd8 33. Rc7 Bxd5 34. cxd5 Rxb6 35. Rd7 Rb8 36. Nc4 Kf6 37. Na5 h5 38. Nc6 Rb1+ 39. Kg2 Nb7 40. Rc7 Rb3 41. Bc8 c4 42. Rxb7 Rxd3 43. Rb4 c3 44. Rc4 Bh6 45. Nb4 Rd4 46. Rxd4 exd4 47. f4 g5 48. Kf3 gxf4 49. gxf4 Ke7 50. Nc6+ 1-0

[Event "Hessen-ch Seniors op 04th"]
[Site "Bad Sooden-Allendorf"]
[Date "2008.04.25"]
[Round "2"]
[White "Rapoport, Vladimir"]
[Black "Schwertel, Johann"]
[Result "1-0"]
[WhiteElo "2201"]
[BlackElo "1918"]
[PlyCount "51"]
[EventDate "2008.04.24"]
[EventType "swiss"]
[EventRounds "9"]
[EventCountry "GER"]
[SourceTitle "EXT 2022"]
[Source "ChessBase"]
[SourceDate "2021.10.06"]
[SourceVersion "1"]
[SourceVersionDate "2021.10.06"]
[SourceQuality "1"]

1. c4 e5 2. Nc3 Nc6 3. g3 g6 4. Bg2 Bg7 5. e4 Nd4 6. d3 Ne7 7. Be3 Ne6 8. Nge2 0-0 9. 0-0 d6 10. Qd2 f5 11. f4 exf4 12. Nxf4 Nxf4 13. Bxf4 c6 14. Rae1 Rf7 15. Kh1 Kh8 16. d4 fxe4 17. Nxe4 Nf5 18. g4 Nxd4 19. Nxd6 Rf8 20. c5 Ne6 21. Bh6 Kg8 22. Bxg7 Rxf1+ 23. Rxf1 Nxg7 24. Rf7 Be6 25. Rxb7 Qh4 26. Qc3 1-0

[Event "Oberliga Ost-B 0708"]
[Site "Germany"]
[Date "2008.04.19"]
[Round "10.7"]
[White "Jakob, Matthias"]
[Black "Rapoport, Vladimir"]
[Result "0-1"]
[WhiteElo "2071"]
[BlackElo "2271"]
[PlyCount "86"]
[EventDate "2007.10.07"]
[EventType "team-tourn"]
[EventRounds "11"]
[EventCountry "GER"]
[SourceTitle "EXT 2009"]
[Source "ChessBase"]
[SourceDate "2008.11.26"]
[SourceVersion "1"]
[SourceVersionDate "2008.11.26"]
[SourceQuality "1"]
[WhiteTeam "Erfurt Medizin"]
[BlackTeam "Oberursel"]
[WhiteTeamCountry "GER"]
[BlackTeamCountry "GER"]

1. Nf3 Nf6 2. b3 d6 3. d4 g6 4. Bb2 Bg7 5. Nbd2 Nbd7 6. e3 c5 7. Be2 0-0 8. 0-0 cxd4 9. exd4 b6 10. c4 Bb7 11. Re1 Re8 12. Bf1 Qc7 13. d5 Nf8 14. Nd4 a6 15. N2f3 Qd7 16. Qd2 Rad8 17. Rad1 e5 18. Nc2 Nh5 19. Qe3 Qc7 20. Qd2 f5 21. g3 Bc8 22. Nb4 f4 23. Nc6 Bg4 24. Be2 Rc8 25. Ng5 Bxe2 26. Qxe2 h6 27. Ne4 Nd7 28. Ba3 Bf8 29. Bc1 fxg3 30. fxg3 Bg7 31. Rf1 Nc5 32. Rf2 Nxe4 33. Qxe4 Kh7 34. Rdf1 Rf8 35. Rxf8 Rxf8 36. Rxf8 Bxf8 37. Be3 Bg7 38. Qh4 b5 39. cxb5 axb5 40. Qb4 Qf7 41. Qxd6 Qf3 42. Bf2 Nf6 43. Nxe5 Qxf2+ 0-1

[Event "EU-chT Seniors 10th"]
[Site "Dresden"]
[Date "2008.02.14"]
[Round "4.2"]
[White "Rapoport, Vladimir"]
[Black "Hottes, Dieter"]
[Result "0-1"]
[WhiteElo "2271"]
[BlackElo "2200"]
[PlyCount "92"]
[EventDate "2008.02.11"]
[EventType "team-swiss"]
[EventRounds "9"]
[EventCountry "GER"]
[SourceTitle "CBM 122 Extra"]
[Source "ChessBase"]
[SourceDate "2008.03.04"]
[SourceVersion "1"]
[SourceVersionDate "2008.03.04"]
[SourceQuality "1"]
[WhiteTeam "Hessen"]
[BlackTeam "Wuerttemberg"]
[WhiteTeamCountry "GER"]
[BlackTeamCountry "GER"]

1. e4 c5 2. Nf3 b6 3. Nc3 Bb7 4. Bc4 e6 5. Qe2 Nc6 6. d3 a6 7. a4 Qc7 8. 0-0 Bd6 9. g3 Nf6 10. Be3 0-0 11. Nh4 Be7 12. Bf4 Ne5 13. Bxe5 Qxe5 14. f4 Qc7 15. Rae1 Qc6 16. Nf3 d5 17. exd5 exd5 18. Bxd5 Nxd5 19. Nxd5 Qxd5 20. Qxe7 Qc6 21. Qe4 Qc7 22. Qe5 Qc6 23. Qe4 Qc8 24. Qe7 Bc6 25. Ne5 Bxa4 26. b3 Be8 27. f5 f6 28. Nc4 Rb8 29. Rf4 Bf7 30. Nd6 Qc6 31. Rg4 Rbe8 32. Qxf6 Rxe1+ 33. Kf2 Bg6 34. Qxf8+ Kxf8 35. Kxe1 Qxd6 36. fxg6 hxg6 37. Re4 b5 38. Kd2 g5 39. c3 Kf7 40. Re2 Qf6 41. g4 Qf3 42. Re4 Qg2+ 43. Kc1 Qg1+ 44. Kc2 Qxh2+ 45. Kc1 Kf6 46. b4 c4 0-1

[Event "Hessen-ch Seniors op 03rd"]
[Site "Bad Sooden-Allendorf"]
[Date "2007.05.02"]
[Round "5"]
[White "Schroeder, Christian"]
[Black "Rapoport, Vladimir"]
[Result "1-0"]
[WhiteElo "1960"]
[BlackElo "2115"]
[PlyCount "87"]
[EventDate "2007.04.27"]
[EventType "swiss"]
[EventRounds "9"]
[EventCountry "GER"]
[SourceTitle "EXT 2022"]
[Source "ChessBase"]
[SourceDate "2021.10.06"]
[SourceVersion "1"]
[SourceVersionDate "2021.10.06"]
[SourceQuality "1"]

1. Nf3 c5 2. c4 g6 3. Nc3 Bg7 4. g3 Nc6 5. Bg2 a6 6. 0-0 Rb8 7. a4 d6 8. d3 e5 9. e4 Nge7 10. Nh4 Nd4 11. f4 exf4 12. gxf4 0-0 13. f5 Nexf5 14. Nxf5 Nxf5 15. exf5 Bxf5 16. Bf4 Qf6 17. Kh1 Qd4 18. Qf3 Rbd8 19. Rad1 Rfe8 20. Qg3 Rd7 21. Rd2 Rde7 22. Ne4 Bxe4 23. Bxe4 f5 24. Bd5+ Kh8 25. Qg1 Re2 26. Qxd4 Bxd4 27. Bxb7 a5 28. Bc6 R8e6 29. Bd5 Re8 30. Rfd1 Re1+ 31. Rxe1 Rxe1+ 32. Kg2 Be5 33. Bg3 Rb1 34. Re2 f4 35. Be1 Ra1 36. Bxa5 g5 37. Bc3 Bxc3 38. bxc3 Rxa4 39. Kf3 Ra1 40. Kg4 h6 41. Kh5 Kg7 42. Re7+ Kf6 43. Rf7+ Ke5 44. Kg6 1-0

[Event "Hessenliga 0607"]
[Site "Germany"]
[Date "2006.10.29"]
[Round "3.4"]
[White "Meyer, Kai Christian"]
[Black "Rapoport, Vladimir"]
[Result "1-0"]
[WhiteElo "2135"]
[BlackElo "2293"]
[PlyCount "67"]
[EventDate "2006.09.17"]
[EventType "team"]
[EventRounds "9"]
[EventCountry "GER"]
[SourceTitle "EXT 2008"]
[Source "ChessBase"]
[SourceDate "2007.11.25"]
[SourceVersion "1"]
[SourceVersionDate "2007.11.25"]
[SourceQuality "1"]
[WhiteTeam "Schoeneck II"]
[BlackTeam "Oberursel II"]
[WhiteTeamCountry "GER"]
[BlackTeamCountry "GER"]

1. d4 Nf6 2. Bg5 c5 3. Bxf6 gxf6 4. d5 Qb6 5. Qc1 f5 6. e3 Bg7 7. c3 Qd6 8. Qd2 e6 9. Na3 exd5 10. Nb5 Qc6 11. Qxd5 Qxd5 12. Nc7+ Kf8 13. Nxd5 Nc6 14. 0-0-0 Ne5 15. h3 Rb8 16. f4 Ng6 17. Nc7 Ne7 18. Rd6 h5 19. Nf3 Rh6 20. Nb5 Re6 21. Bc4 Rxe3 22. Ng5 a6 23. Nc7 Bxc3 24. Bxf7 Bd4 25. Bxh5 b5 26. Bf3 Bb7 27. Rxd7 Bxf3 28. gxf3 Re2 29. h4 Rb6 30. h5 Be3+ 31. Kd1 Rxb2 32. h6 Rb1+ 33. Kc2 Rxh1 34. Rd8# 1-0